Statistiques concernant Les 30 pays les plus influents du monde (soft power)

Cliquez ici pour prendre le quiz!

Statistiques générales

  • Ce quiz a été pris 323 fois
  • Le résultat moyen est 24 sur 30

Statistiques - réponses

Rang Score Pays % Correct
375.02Etats-Unis
100%
175.75France
99%
2550.50Chine
98%
2649.60Russie
96%
473.67Allemagne
95%
1364.70Italie
94%
1563.57Espagne
94%
275.72Royaume-Uni
93%
671.66Japon
92%
572.90Canada
92%
2947.41Brésil
91%
969.32Suède
85%
870.15Australie
85%
2254.43Portugal
82%
770.45Suisse
82%
1662.80Belgique
80%
1265.20Norvège
80%
1762.37Finlande
74%
2451.27Pologne
74%
2158.40Corée du Sud
74%
1067.89Pays-Bas
73%
1463.75Autriche
72%
2352.17Grèce
71%
3045.35Turquie
69%
1165.48Danemark
68%
1960.92Irlande
62%
1861.96Nouvelle-Zélande
61%
2848.16Hongrie
50%
2748.73République Tchèque
47%
2058.55Singapour
32%

Distribution des résultats

Percentile by Number Answered

% des personnes avec chaque résultat

Votre développement - résultats

Vous n’avez pas pris ce quiz